Normal view
MARC view
- Riaz Ahmad . Prog Dr
Entry Personal Name
001 - CONTROL NUMBER
- control field: 62620
003 - CONTROL NUMBER IDENTIFIER
- control field: NUST
005 - DATE AND TIME OF LATEST TRANSACTION
- control field: 20210628202952.0
008 - FIXED-LENGTH DATA ELEMENTS
- fixed length control field: 210628|| aca||aabn | a|a d
040 ## - CATALOGING SOURCE
- Original cataloging agency: NUST
- Transcribing agency: NUST
100 ## - HEADING--PERSONAL NAME
- Personal name: Riaz Ahmad . Prog Dr
670 ## - SOURCE DATA FOUND
- Source citation: Work cat.: (NUST): Riaz Ahmad . Prog Dr, Madr-i-millat mohtarm fiatima jinnah, a chronology 1893-1967, 2003
